Memorias leídas en la Academia Matritense de Jurisprudencia y Legislación / (Record no. 167589)

MARC details
000 -LEADER
campo de control de longitud fija 00860nam a22002055i 4500
001 - NÚMERO DE CONTROL
campo de control 167589
003 - IDENTIFICADOR DE NÚMERO DE CONTROL
campo de control ES-MaACL
005 - FECHA Y HORA DE LA ÚLTIMA TRANSACCIÓN
campo de control 20250821085501.0
008 - DATOS DE LONGITUD FIJA--INFORMACIÓN GENERAL
campo de control de longitud fija 050926s1844 sp | |||||||| ||spa d
100 1# - ENTRADA PRINCIPAL--NOMBRE DE PERSONA
Nombre de persona Villanueva y Cañedo, Luis,
Fechas asociadas al nombre 1824-1902
9 (RLIN) 175874
245 10 - MENCIÓN DEL TÍTULO
Título Memorias leídas en la Academia Matritense de Jurisprudencia y Legislación /
Mención de responsabilidad, etc. por D. Luis Villanueva.
260 ## - PUBLICACIÓN, DISTRIBUCIÓN, ETC.
Lugar de publicación, distribución, etc. Madrid :
Nombre del editor, distribuidor, etc. [s.n.],
Fecha de publicación, distribución, etc. 1844 (
Fabricante Imp. de Fernando Suárez)
300 ## - DESCRIPCIÓN FÍSICA
Extensión 61 p. ;
Dimensiones 14 cm.
505 8# - NOTA DE CONTENIDO CON FORMATO
Nota de contenido con formato Contiene: Sobre los retos, duelos y desafíos (p.3-28) ; Sobre el suicidio (p. 29-61)
650 #4 - PUNTO DE ACCESO ADICIONAL DE MATERIA--TÉRMINO DE MATERIA
Término de materia o nombre geográfico como elemento de entrada Duelos.
9 (RLIN) 11988
650 #7 - PUNTO DE ACCESO ADICIONAL DE MATERIA--TÉRMINO DE MATERIA
Término de materia o nombre geográfico como elemento de entrada Suicidio
Fuente del encabezamiento o término embne
9 (RLIN) 17259
710 2# - ENTRADA AGREGADA--NOMBRE DE ENTIDAD CORPORATIVA
Nombre de entidad corporativa o nombre de jurisdicción como elemento de entrada Academia Matritense de Jurisprudencia y Legislación.
9 (RLIN) 1204
852 4# - LOCALIZACIÓN
Ubicación ES-MaACL
Número de control de estantería T-38-F-6
Nota libre - Enc. hol., falto de cub. original
-- - Enc. en un vol. facticio
Holdings
Estatus retirado Estado de pérdida Estado de daño No para préstamo Colección Biblioteca de origen Biblioteca actual Ubicación en estantería Fecha de adquisición Total de préstamos Signatura topográfica completa Código de barras Visto por última vez Precio de reemplazo Tipo de ítem Koha
        Colección de folletos Biblioteca del Ateneo de Madrid Biblioteca del Ateneo de Madrid Depósito folletos 17/01/2008   T-38-F-6 1175820 23/02/2023 23/02/2023 Folleto